000 00351nam a2200145Ia 4500
008 240624s9999 xx 000 0 und d
041 _aeng
082 _a658.155 BES
100 _aBESSIS JOEL
245 _aRISK MANAGEMENT IN BANKING
250 _a(3rd ed.)
260 _c2014
_aNew Delhi
_bWiley
300 _a821 : p. : cm. ; 28
365 _cRS
_b33
999 _c26504
_d26504